[Event "Euro Online U2300 Day 2"]
[Site "chess.com INT"]
[Date "2020.05.26"]
[Round "6"]
[White "Bivol, Alina"]
[Black "Abbasov, Amil1"]
[Result "0-1"]
[WhiteTitle "WGM"]
[WhiteElo "2386"]
[BlackElo "2172"]
[WhiteFideId "4100123"]
[BlackFideId "13402277"]
[EventDate "2020.05.26"]

1. Nf3 c5 2. g3 Nc6 3. Bg2 g6 4. c4 Bg7 5. Nc3 d6 6. O-O e6 7. e3 Nge7 8. d4
cxd4 9. Nxd4 Nxd4 10. exd4 O-O 11. Re1 Nf5 12. d5 e5 13. Ne4 b6 14. b3 Re8 15.
Ba3 Bf8 16. Qd2 Be7 17. f4 Nd4 18. fxe5 dxe5 19. d6 Bf8 20. Nc3 Bxd6 21. Bxd6
Qxd6 22. Qf2 Bf5 23. Bxa8 Rxa8 24. Nd5 Nc2 25. g4 Nxe1 26. gxf5 Nd3 27. Qf3 Qc5+
28. Kg2 e4 29. Qxe4 Qf2+ 30. Kh3 Qd2 31. Ne7+ Kg7 32. Rf1 Nf2+ 33. Rxf2 Qxf2 34.
Qxa8 Qe3+ 35. Kg2 Qxe7 36. fxg6 hxg6 37. Qf3 f5 38. Qd3 Kf6 39. Kf3 Qb7+ 40. Kf2
Qc7 41. Qd4+ Kg5 42. Qe3+ Qf4+ 43. Ke2 Kg4 44. h3+ Kg5 45. Qxf4+ Kxf4 46. b4 Ke4
47. c5 bxc5 48. bxc5 Kd5 49. Kf3 g5 0-1

[Event "Euro Online U2300 Day 2"]
[Site "chess.com INT"]
[Date "2020.05.26"]
[Round "6"]
[White "Timagin, Petr"]
[Black "Tsaruk, Maksim"]
[Result "1-0"]
[WhiteTitle "FM"]
[BlackTitle "FM"]
[WhiteElo "2337"]
[BlackElo "2302"]
[WhiteFideId "4137698"]
[BlackFideId "13511173"]
[EventDate "2020.05.26"]

1. e4 e5 2. Nf3 Nc6 3. Bb5 a6 4. Ba4 Nf6 5. d3 b5 6. Bb3 Bc5 7. Nc3 d6 8. h3 h6
9. Nd5 Na5 10. Nxf6+ Qxf6 11. Be3 Nxb3 12. axb3 O-O 13. O-O Bb7 14. Qd2 Bxe3 15.
fxe3 Qe7 16. Nh2 Rad8 17. Rf3 d5 18. exd5 Bxd5 19. Rg3 e4 20. d4 Rd6 21. Ng4 Kh7
22. Qf2 f5 23. Ne5 c5 24. c3 cxd4 25. cxd4 Rdf6 26. Rc1 g5 27. Rc5 Bxb3 28. h4
f4 29. Rh3 Be6 30. hxg5 fxe3 31. Qxf6 Rxf6 32. gxf6 Qxf6 33. Rc7+ Kh8 34. Rxe3
h5 35. Rg3 h4 36. Ng6+ Kg8 37. Nxh4+ Kf8 38. Ng6+ Ke8 39. Ne5 Qf4 40. Rgg7 Qe3+
41. Kf1 Bc4+ 42. Nxc4 Qd3+ 43. Kg1 Qxd4+ 44. Kh2 Kf8 45. Rgf7+ Kg8 46. Rfd7 Qxd7
47. Rxd7 bxc4 48. Rd4 e3 49. Re4 e2 50. Rxe2 c3 51. bxc3 1-0

[Event "Euro Online U2300 Day 2"]
[Site "chess.com INT"]
[Date "2020.05.26"]
[Round "6"]
[White "Timoshin, Andrei"]
[Black "Peycheva, Gergana"]
[Result "0-1"]
[BlackTitle "FM"]
[WhiteElo "2132"]
[BlackElo "2255"]
[WhiteFideId "4503503"]
[BlackFideId "2916711"]
[EventDate "2020.05.26"]

1. e4 c5 2. Nf3 Nc6 3. Bb5 g6 4. Bxc6 dxc6 5. d3 Bg7 6. O-O Nf6 7. h3 Nd7 8. Nc3
e5 9. Be3 Qe7 10. Qd2 Nf8 11. Bh6 Bxh6 12. Qxh6 f6 13. Nh4 g5 14. Nf5 Bxf5 15.
exf5 O-O-O 16. Ne4 Nd7 17. a3 Kb8 18. Rfb1 Qf8 19. Qh5 Nb6 20. b4 c4 21. Nc5 Qe7
22. a4 cxd3 23. cxd3 Nd5 24. Qg4 Nf4 25. a5 Nxd3 26. Ne6 Rd6 27. b5 Nf4 28. bxc6
Rxc6 29. Qf3 Rhc8 30. Nxf4 gxf4 31. Kh2 Rc3 32. Qe4 R3c4 33. Qf3 Qc7 34. Qd5 e4
35. a6 b6 36. Rc1 Qc6 37. Qf7 Rc7 38. Qg8+ Rc8 39. Qf7 Rc7 40. Rxc4 Qxc4 41.
Qxf6 f3 42. g3 e3 43. Qh8+ Rc8 44. Qe5+ Rc7 45. Qxe3 Qd5 46. Qf4 Kc8 47. Re1 Rc2
48. Rc1 Rxc1 49. Qxc1+ Kd7 50. Qf4 b5 51. g4 Qd6 52. Qxd6+ Kxd6 53. Kg1 b4 54.
Kf1 b3 55. Ke1 b2 0-1

[Event "Euro Online U2300 Day 2"]
[Site "chess.com INT"]
[Date "2020.05.26"]
[Round "6"]
[White "Zvereva, Margarita"]
[Black "Stan, Andrei-Mihaita"]
[Result "1-0"]
[WhiteTitle "WFM"]
[WhiteElo "1929"]
[BlackElo "2044"]
[WhiteFideId "34177741"]
[BlackFideId "1232118"]
[EventDate "2020.05.26"]

1. d4 e6 2. Nf3 f5 3. g3 Nf6 4. Bg2 Be7 5. O-O O-O 6. Nbd2 b6 7. Ne5 c6 8. e4
fxe4 9. Nxe4 Qc7 10. c3 d6 11. Nxf6+ Bxf6 12. Nd3 e5 13. dxe5 dxe5 14. Be3 Rd8
15. Qb3+ Qf7 16. Qxf7+ Kxf7 17. Rad1 Ba6 18. Nxe5+ Ke6 19. Rxd8 Bxd8 20. Rd1 Bc7
21. Nxc6 Nxc6 22. Bxc6 Rd8 23. Rxd8 Bxd8 24. Kg2 Be2 25. Be4 g6 26. f4 Be7 27.
h3 Bd6 28. g4 Ke7 29. f5 gxf5 30. gxf5 Bh5 31. Bd4 Kf7 32. Bd5+ Kf8 33. f6 Bf4
34. c4 Bd6 35. a3 Bg6 36. b4 Bh5 37. c5 Bc7 38. Kf2 Bf7 39. Bxf7 Kxf7 40. Ke3
Ke6 41. Ke4 bxc5 42. Bxc5 a6 43. Bd4 Bd6 44. Kd3 h5 45. Kc4 h4 46. a4 Bb8 47. b5
axb5+ 48. Kxb5 Bc7 49. a5 Bb8 50. a6 Kf7 51. Kb6 Be5 52. Bxe5 1-0

[Event "Euro Online U2300 Day 2"]
[Site "chess.com INT"]
[Date "2020.05.26"]
[Round "6"]
[White "Hansch, Karsten"]
[Black "Schlegel, Igor"]
[Result "0-1"]
[WhiteTitle "FM"]
[WhiteElo "2300"]
[BlackElo "2027"]
[WhiteFideId "24692239"]
[BlackFideId "1334956"]
[EventDate "2020.05.26"]

1. e4 c5 2. Nf3 d6 3. Bb5+ Nd7 4. c3 Nf6 5. Qe2 a6 6. Ba4 b5 7. Bc2 Bb7 8. d4 e6
9. O-O Be7 10. Rd1 Qc7 11. b3 Rc8 12. Bb2 cxd4 13. Nxd4 O-O 14. a4 b4 15. c4 d5
16. exd5 exd5 17. Qxe7 Rfe8 18. Qxb4 dxc4 19. Qxc4 Qf4 20. Qd3 Be4 21. Qd2 Qxd2
22. Nxd2 Bxc2 23. Nxc2 Rxc2 24. Nc4 Ree2 25. Bd4 Ne4 26. Re1 Ndc5 27. Bxc5 Nxc5
28. Rxe2 Rxe2 29. Rb1 g6 30. g3 Rc2 31. Ne3 Rc3 32. b4 Nxa4 33. Ra1 Nb2 34. Rxa6
Rb3 35. Nd5 Nd3 36. Ra8+ Kg7 37. Rb8 Rb1+ 38. Kg2 Rb2 39. b5 Rxf2+ 40. Kh3 Rb2
41. b6 h5 42. b7 Nc5 43. Nc7 Rxb7 44. Ne8+ Kh6 45. Rc8 Ne6 46. Nd6 Rd7 47. Ne4
Rd4 48. Nf2 Rd2 49. Ne4 Re2 0-1

[Event "Euro Online U2300 Day 2"]
[Site "chess.com INT"]
[Date "2020.05.26"]
[Round "6"]
[White "Antova, Gabriela"]
[Black "Kormos, Adam"]
[Result "0-1"]
[WhiteTitle "FM"]
[WhiteElo "2255"]
[BlackElo "2279"]
[WhiteFideId "2915235"]
[BlackFideId "730483"]
[EventDate "2020.05.26"]

1. e4 d6 2. d4 Nf6 3. Nc3 g6 4. Bg5 c6 5. Qd2 b5 6. a3 a5 7. d5 Ba6 8. Bxf6 exf6
9. dxc6 Nxc6 10. Bxb5 Bxb5 11. Nxb5 Qb6 12. a4 Rd8 13. Ne2 Be7 14. Nf4 Ne5 15.
Nd5 Qc5 16. O-O h5 17. Nbc7+ Kf8 18. c3 Rd7 19. b4 Qa7 20. b5 Nc4 21. Qd4 Rxc7
22. b6 Nxb6 23. Nxb6 Kg7 24. Rab1 Rc5 25. Nd5 Rhc8 26. h3 Bd8 27. Rb3 Qd7 28.
Ne3 Qc6 29. Rd1 Rxc3 30. Rxc3 Qxc3 31. Qxd6 Bc7 32. Qe7 Qe5 33. Qxe5 Bxe5 34.
Rd5 Rc1+ 35. Rd1 Rc3 36. Rd5 Bc7 37. g4 hxg4 38. hxg4 Ra3 39. Rd7 Be5 40. Nc4
Rxa4 41. Nxe5 fxe5 42. f3 Ra2 43. Ra7 a4 44. Kf1 Kf6 45. Ke1 a3 46. Kd1 Ra1+ 47.
Kc2 a2 48. Kb2 Rf1 49. Kxa2 Rxf3 50. Ra6+ Kg5 51. Ra5 Kf4 52. Ra4 Kxg4 53. Kb2
Kf4 54. Kc2 g5 55. Kd2 g4 56. Ra7 Kxe4 0-1

[Event "Euro Online U2300 Day 2"]
[Site "chess.com INT"]
[Date "2020.05.26"]
[Round "6"]
[White "Ogloblin, Nikolay"]
[Black "Salimova, Nurgyul"]
[Result "1/2-1/2"]
[WhiteTitle "IM"]
[BlackTitle "IM"]
[WhiteElo "2346"]
[BlackElo "2372"]
[WhiteFideId "4139658"]
[BlackFideId "2915138"]
[EventDate "2020.05.26"]

1. d4 Nf6 2. Nf3 d5 3. c4 e6 4. Bg5 Nbd7 5. e3 Be7 6. Nc3 O-O 7. Qc2 a6 8. cxd5
exd5 9. Bd3 Re8 10. O-O Nf8 11. h3 Ng6 12. Rfc1 c6 13. Bxf6 Bxf6 14. b4 Qd6 15.
Rab1 Bd8 16. a4 Qf6 17. Qd1 Bd7 18. b5 axb5 19. axb5 Ra3 20. bxc6 bxc6 21. Ra1
Rxa1 22. Rxa1 Bc7 23. Ra6 Qe7 24. Na4 Bd6 25. Ra7 Qd8 26. Qb1 Bb8 27. Rb7 Bd6
28. Nc5 Bc8 29. Ra7 Qf6 30. Ra8 Nf8 31. Qb6 h5 32. Be2 g5 33. Ne5 Bxe5 34. dxe5
Qxe5 35. Qxc6 Qf5 36. Bd3 Bd7 37. Bxf5 Bxc6 38. Ra6 Bb5 39. Rd6 Bc4 40. g3 Kg7
41. Na4 Re5 42. Bc2 h4 43. g4 Re6 44. Rb6 Rxb6 45. Nxb6 Ba2 46. Bf5 Kf6 47. f4
gxf4 48. exf4 Ne6 49. Nd7+ Ke7 50. Bxe6 Kxe6 51. Nc5+ Kd6 52. Nd3 d4 53. Kf2 Bd5
54. f5 Be4 55. Nf4 Ke5 56. Ne2 f6 57. Ng1 Kf4 58. Ne2+ Ke5 59. Ng1 Kf4 60. Ne2+
Ke5 1/2-1/2

[Event "Euro Online U2300 Day 2"]
[Site "chess.com INT"]
[Date "2020.05.26"]
[Round "6"]
[White "Randazzo, Adrian"]
[Black "Buksa, Nataliya"]
[Result "0-1"]
[WhiteTitle "FM"]
[BlackTitle "IM"]
[WhiteElo "2293"]
[BlackElo "2410"]
[WhiteFideId "114251"]
[BlackFideId "14123622"]
[EventDate "2020.05.26"]

1. e4 c5 2. Nf3 Nc6 3. Bb5 g6 4. O-O Bg7 5. Nc3 e5 6. a3 Nge7 7. b4 d6 8. bxc5
dxc5 9. d3 O-O 10. Bc4 Bg4 11. h3 Be6 12. Bxe6 fxe6 13. Nd2 Nd4 14. a4 b6 15.
Nc4 a6 16. Rb1 Rb8 17. Bg5 b5 18. axb5 axb5 19. Bxe7 Qxe7 20. Ne3 h5 21. Ne2 Bh6
22. c3 Bxe3 23. fxe3 Rxf1+ 24. Qxf1 Nxe2+ 25. Qxe2 Qd7 26. Qd2 Rd8 27. Rd1 Qb7
28. Qf2 Kg7 29. Qg3 Qc7 30. d4 b4 31. cxb4 cxb4 32. Rb1 Rb8 33. Rb3 Rb5 34. Kh2
Qc2 35. Rxb4 Rxb4 36. Qxe5+ Kh7 37. Qxe6 Qc7+ 38. e5 Rb6 39. Qe8 Rb8 40. Qe6 Rd8
41. Qf6 Rd7 42. Qf8 Rf7 43. Qe8 Qd7 44. Qa8 Qb7 45. Qa2 Re7 46. Qf2 Qd5 47. Qg3
Qe4 48. Qf2 Rc7 49. Qg3 Kg7 50. Qg5 Rf7 51. Kh1 Qf5 52. Qg3 Qf2 53. Qg5 Qf1+ 54.
Kh2 Qf5 55. Qg3 g5 56. e6 Qxe6 57. Qxg5+ Qg6 58. Qe5+ Kh7 59. d5 Qf5 60. Qd4 Rg7
61. e4 Qf4+ 62. Kh1 Qf1+ 63. Qg1 Qxg1+ 64. Kxg1 Re7 0-1

[Event "Euro Online U2300 Day 2"]
[Site "chess.com INT"]
[Date "2020.05.26"]
[Round "6"]
[White "Risteski, Emil"]
[Black "Svicevic, Rastko"]
[Result "1-0"]
[BlackTitle "FM"]
[WhiteElo "2159"]
[BlackElo "2215"]
[WhiteFideId "15005267"]
[BlackFideId "916315"]
[EventDate "2020.05.26"]

1. e4 c5 2. Nf3 Nc6 3. Bb5 e5 4. O-O Bd6 5. c3 Nge7 6. d4 cxd4 7. cxd4 exd4 8.
Nxd4 O-O 9. Nc3 Qc7 10. h3 Nxd4 11. Qxd4 Be5 12. Qd3 a6 13. Ba4 b5 14. Bb3 Bb7
15. f4 Bxc3 16. bxc3 d5 17. e5 Rac8 18. Ba3 Rfe8 19. Rac1 Qb6+ 20. Qd4 Qxd4+ 21.
cxd4 Nf5 22. Bc5 Ne3 23. Rfe1 Nc4 24. g4 h5 25. Kf2 a5 26. gxh5 Rc6 27. Bd1 Nb2
28. Be2 Nc4 29. Rg1 Bc8 30. Bg4 b4 31. f5 Nb2 32. Rg3 Ba6 33. Be2 Bxe2 34. Kxe2
Na4 35. Rcg1 Nxc5 36. Rxg7+ Kh8 37. dxc5 Rxe5+ 38. Kd3 Rxf5 39. Rg8+ Kh7 40. Kd4
Re6 41. h6 Re4+ 42. Kd3 Rf3+ 43. Kd2 Rxh3 44. R8g7+ Kxh6 45. Rxf7 Rh2+ 46. Kd1
Rd4+ 47. Ke1 Re4+ 48. Kd1 Rd4+ 49. Ke1 Rc4 50. Kd1 Rxa2 51. Rf6+ Kh5 52. Rf5+
Kh4 53. Rg8 b3 54. Rf6 Kh3 55. Rf3+ Kh2 56. Rxb3 Rxc5 57. Rh8+ Kg1 58. Rg8+ Rg2
59. Re8 1-0

[Event "Euro Online U2300 Day 2"]
[Site "chess.com INT"]
[Date "2020.05.26"]
[Round "6"]
[White "Potapova, Margarita"]
[Black "Guliev, Logman"]
[Result "0-1"]
[WhiteTitle "WIM"]
[BlackTitle "IM"]
[WhiteElo "2270"]
[BlackElo "2273"]
[WhiteFideId "14126869"]
[BlackFideId "13400061"]
[EventDate "2020.05.26"]

1. d4 Nf6 2. c4 g6 3. Nc3 Bg7 4. e4 d6 5. h3 O-O 6. Be3 e5 7. d5 a5 8. g4 Na6 9.
Nge2 Nd7 10. Ng3 Ndc5 11. h4 h6 12. h5 Bd7 13. Be2 g5 14. O-O c6 15. a3 cxd5 16.
Nxd5 Ba4 17. Qe1 Nb3 18. Bb6 Qd7 19. Rb1 Nac5 20. f3 Rac8 21. Nf5 Kh7 22. Bxa5
Nxa5 23. Qxa5 Bc2 24. Rbe1 Nd3 25. Qc3 Nxe1 26. Rxe1 Qa4 27. Rc1 Qa7+ 28. Kg2
Ba4 29. Qb4 Bc6 30. Nde3 Rfd8 31. Rd1 Bf8 32. Qc3 b5 33. Qd2 bxc4 34. Bxc4 Bd7
35. b3 Be6 36. a4 Bxf5 37. Nxf5 d5 38. exd5 Bc5 39. Qd3 Rb8 40. d6 Qb7 41. d7 e4
42. fxe4 Qc6 43. Bb5 Qf6 44. Qd5 Bb4 45. e5 Qe6 46. Qe4 Kh8 47. Nd4 Qb6 48. Qf3
Kg8 49. Rd3 Qc5 50. e6 fxe6 51. Bc4 Rf8 52. Bxe6+ Kh8 53. Qe4 Rf6 54. Bc4 Rbf8
55. Qe8 Rf2+ 56. Kh3 Qd6 57. Nf5 Qh2# 0-1

[Event "Euro Online U2300 Day 2"]
[Site "chess.com INT"]
[Date "2020.05.26"]
[Round "6"]
[White "Petrova, Irina"]
[Black "Abdullayev, Azer"]
[Result "1/2-1/2"]
[WhiteTitle "WIM"]
[WhiteElo "2087"]
[BlackElo "2039"]
[WhiteFideId "14124122"]
[BlackFideId "13403400"]
[EventDate "2020.05.26"]

1. d4 d5 2. Nc3 Nf6 3. Bg5 Nbd7 4. Nf3 e6 5. e4 dxe4 6. Nxe4 Be7 7. Bxf6 Nxf6 8.
Nxf6+ Bxf6 9. c3 O-O 10. Bd3 c5 11. Qc2 h6 12. dxc5 Qd5 13. h4 Qxc5 14. Ng5 Bxg5
15. hxg5 Qxg5 16. Qe2 Rd8 17. Rh5 Qf4 18. g3 Qa4 19. Bb5 Qa5 20. Rd1 Rxd1+ 21.
Qxd1 Qc7 22. Qf3 Bd7 23. Bxd7 Qxd7 24. Kf1 Rd8 25. Kg2 b6 26. Re5 Qa4 27. a3 Qb3
28. Re2 Qd5 29. Qxd5 Rxd5 30. c4 Rd4 31. Rc2 Kf8 32. Kf3 Ke7 33. Ke3 e5 34. c5
bxc5 35. Rxc5 Ke6 36. Ra5 Rd7 37. Ra6+ Kf5 38. f3 h5 39. b4 g5 40. Rh6 Rc7 41.
Rxh5 Rc3+ 42. Kf2 Rxa3 43. Rh7 f6 44. Rf7 Ra2+ 45. Ke3 Ra3+ 46. Kf2 a6 47. g4+
Ke6 48. Rb7 Ra4 49. Ke3 Ra3+ 50. Ke4 Ra4 51. Rb6+ Ke7 52. Kf5 Ra3 53. Rb7+ Kd6
54. Kxf6 Rxf3+ 55. Kxg5 Rf4 56. Rb6+ Ke7 57. Rxa6 Rxb4 58. Kf5 Kf7 59. Ra7+ Kg8
60. g5 Rb6 61. g6 Rb1 62. Kf6 Rf1+ 63. Kxe5 Re1+ 64. Kf5 Rf1+ 65. Ke4 Re1+ 66.
Kf3 Rg1 67. g7 Rxg7 68. Rxg7+ Kxg7 1/2-1/2

[Event "Euro Online U2300 Day 2"]
[Site "chess.com INT"]
[Date "2020.05.26"]
[Round "6"]
[White "Davtyan, Artur"]
[Black "Plaksin, Igor"]
[Result "1-0"]
[WhiteTitle "IM"]
[WhiteElo "2461"]
[BlackElo "1868"]
[WhiteFideId "13308327"]
[BlackFideId "34182117"]
[EventDate "2020.05.26"]

1. d4 Nf6 2. c4 g6 3. Nc3 Bg7 4. e4 O-O 5. Be2 d6 6. Be3 e5 7. Nf3 Nc6 8. O-O
Bg4 9. d5 Bxf3 10. Bxf3 Nd4 11. Nb5 Nxb5 12. cxb5 Nd7 13. Qc2 Rc8 14. Rfc1 f5
15. Qa4 Nf6 16. Qxa7 fxe4 17. Be2 b6 18. Qb7 Rf7 19. a4 c5 20. dxc6 Rxb7 21.
cxb7 Rb8 22. Bxb6 Qxb6 23. Rc8+ Kf7 24. Rxb8 Qc7 25. Rc8 Qxb7 26. Rac1 Nd5 27.
R1c6 Ne7 28. Bc4+ d5 29. R6c7 Qxc8 30. Bxd5+ Ke8 31. Rxc8+ Nxc8 32. a5 Bf8 33.
b6 Bd6 34. Bb7 Kd8 35. Bxe4 Kd7 36. Kf1 Bb8 37. Bb7 Bd6 38. Ke2 Nxb6 39. axb6
Bc5 40. Bd5 Bxb6 41. Bg8 h6 42. Bh7 g5 43. f3 Kd6 44. Bg6 Kd5 45. Kd3 Bg1 46. h3
Bb6 47. Bf7+ Kd6 48. Ke4 Ke7 49. Bc4 Kf6 50. b4 Bd4 51. Kd5 Kf5 52. g3 h5 53.
Bd3+ Kf6 54. g4 hxg4 55. hxg4 Ke7 56. Kc6 Kd8 57. Bf5 Be3 58. b5 Bd4 59. b6 Be3
60. b7 Ba7 61. Kd6 Bb8+ 62. Ke6 Kc7 63. Be4 Kb6 64. Kf5 Kc5 65. Kxg5 Kd4 66. Kf6
Ke3 67. g5 1-0

[Event "Euro Online U2300 Day 2"]
[Site "chess.com INT"]
[Date "2020.05.26"]
[Round "6"]
[White "Ismayilov, Firuz"]
[Black "Samaridis, Konstantinos"]
[Result "1/2-1/2"]
[WhiteElo "1590"]
[BlackElo "2105"]
[WhiteFideId "13416561"]
[BlackFideId "4262867"]
[EventDate "2020.05.26"]

1. d4 Nf6 2. Nf3 d5 3. Bf4 c5 4. c3 Nc6 5. e3 Qb6 6. Qc1 g6 7. Nbd2 Bg7 8. h3
O-O 9. Bd3 Re8 10. O-O Nd7 11. Qc2 e5 12. dxe5 Ndxe5 13. Nxe5 Nxe5 14. Bxe5 Bxe5
15. Nf3 Bg7 16. Rfe1 Bd7 17. e4 dxe4 18. Rxe4 Bc6 19. Rxe8+ Rxe8 20. Re1 Rxe1+
21. Nxe1 Qc7 22. Qe2 h5 23. Nf3 Qf4 24. Nd2 Be5 25. Nf1 Bd6 26. Bb5 Bd5 27. Qd3
Qe4 28. Qxe4 Bxe4 29. Nd2 Bf5 30. Bc4 Kg7 31. Kf1 Bd7 32. Bd5 b5 33. c4 b4 34.
Ne4 Be7 35. Ke2 f5 36. Nd2 Kf6 37. h4 Ke5 38. g3 f4 39. Nf3+ Kf5 40. Nd2 Bd6 41.
Kf3 fxg3 42. fxg3 Ke5 43. Ne4 Be7 44. Ke3 Bf5 45. Nd2 Bg4 46. Nf3+ Kf6 47. Nd2
Bf8 48. Ne4+ Ke5 49. Kd3 Bf5 50. Ba8 Bh6 51. Bb7 Bc1 52. b3 g5 53. hxg5 Bxg5 54.
Ba8 Bh6 55. Bb7 a5 56. Ba8 Bh7 57. Bb7 Bd2 58. Kxd2 Bxe4 59. Bxe4 Kxe4 60. Ke2
Kd4 61. Kd2 a4 62. bxa4 Kxc4 63. Kc2 Kd5 64. Kb3 Kc6 65. Kc4 Kb6 66. a5+ Kxa5
67. Kxc5 Ka4 68. Kc4 Ka3 69. Kb5 b3 70. axb3 Kxb3 71. Kc5 Kc3 72. Kd5 Kd3 73.
Ke5 Ke3 74. Kf5 Kf3 75. Kg5 Kxg3 76. Kxh5 1/2-1/2

[Event "Euro Online U2300 Day 2"]
[Site "chess.com INT"]
[Date "2020.05.26"]
[Round "6"]
[White "Reizniece-Ozola, Dana"]
[Black "Sernecki, Franciszek"]
[Result "0-1"]
[WhiteTitle "WGM"]
[BlackTitle "FM"]
[WhiteElo "2311"]
[BlackElo "2243"]
[WhiteFideId "11601124"]
[BlackFideId "1169297"]
[EventDate "2020.05.26"]

1. c4 Nf6 2. Nc3 e6 3. e4 d5 4. e5 d4 5. exf6 dxc3 6. bxc3 Qxf6 7. Nf3 b6 8. g3
Bb7 9. Bg2 Nd7 10. O-O Bd6 11. d4 h6 12. Re1 Rd8 13. Rb1 Ba8 14. Re3 O-O 15. Qe2
Rfe8 16. Bd2 Rc8 17. Re1 Red8 18. Bc1 Bf8 19. Nd2 Bxg2 20. Kxg2 Qg6 21. f4 Qc2
22. Nf3 Qxe2+ 23. R1xe2 Nf6 24. Ne5 c5 25. Bb2 Bd6 26. h3 Bxe5 27. fxe5 Ne8 28.
Rc2 Rd7 29. Rd3 Rcd8 30. Rf2 Rc8 31. d5 Rcd8 32. Rfd2 Nc7 33. d6 Ne8 34. Re2 Kf8
35. Bc1 Rb7 36. Bf4 Rdd7 37. Rb2 f6 38. exf6 Nxf6 39. Re2 Kf7 40. g4 Rb8 41.
Rde3 Re8 42. Be5 Rdd8 43. Rf3 Rd7 44. Kg3 Kg6 45. h4 h5 46. Bxf6 gxf6 47. gxh5+
Kf7 48. Ref2 f5 49. Rd2 Rg8+ 50. Kf4 Rg4+ 51. Ke3 Re4+ 52. Kf2 Rxh4 53. Kg3 Rxh5
54. Rf4 e5 55. Rf1 Ke6 56. Kf3 Rxd6 57. Rg2 Rh3+ 58. Ke2 Kf6 59. Rg8 Rh2+ 60.
Ke1 f4 61. Rf8+ Ke6 62. Re8+ Kf5 63. Rf8+ Ke4 64. Re8 Rxa2 0-1

[Event "Euro Online U2300 Day 2"]
[Site "chess.com INT"]
[Date "2020.05.26"]
[Round "6"]
[White "Astafurov, Arseniy"]
[Black "Kabanova, Ekaterina"]
[Result "1-0"]
[WhiteTitle "FM"]
[BlackTitle "WFM"]
[WhiteElo "2330"]
[BlackElo "2138"]
[WhiteFideId "24175218"]
[BlackFideId "24112917"]
[EventDate "2020.05.26"]

1. c4 c5 2. Nf3 e6 3. e3 a6 4. Nc3 Qc7 5. d4 d6 6. Bd3 Nf6 7. O-O b6 8. d5 e5 9.
a4 Bg4 10. h3 Bxf3 11. Qxf3 Nbd7 12. a5 bxa5 13. Bd2 Rb8 14. Ra2 Be7 15. Rfa1
Bd8 16. g4 h6 17. Kg2 Qc8 18. Bf5 Qb7 19. h4 g6 20. Bd3 Qc8 21. Ne2 e4 22. Bxe4
Ne5 23. Qf4 Nexg4 24. Bc3 Rg8 25. Bc2 g5 26. Qxd6 Rb6 27. Ba4+ Nd7 28. Bxd7+
Qxd7 29. Qxd7+ Kxd7 30. h5 Bf6 31. Bxf6 Rxf6 32. Rf1 Rb8 33. Nc3 Rfb6 34. Rb1
Rb4 35. Rxa5 R8b6 36. b3 f5 37. Na4 Rd6 38. Nxc5+ Ke7 39. Nd3 Rb8 40. Ra3 Nf6
41. Rba1 Nxh5 42. Rxa6 Rxb3 43. Rxd6 Kxd6 44. Ra6+ Ke7 45. Rxh6 Nf6 46. Ne5 Rb2
47. Rg6 Ne4 48. Re6+ Kd8 49. Nf7+ Kd7 50. Rxe4 fxe4 51. Nxg5 Rc2 52. Nxe4 Rxc4
53. Kf3 Rc2 54. Kf4 Rc1 55. Ke5 Rd1 56. f4 Ke7 57. Ng5 Re1 58. e4 Rd1 59. f5 Kd7
60. f6 Rf1 61. Ne6 Rf2 62. Nc5+ Kc7 63. Ke6 Kb6 64. Nd7+ Kc7 65. e5 Rf1 66. Ke7
Re1 67. e6 Kb7 68. f7 Rf1 69. f8=Q 1-0

[Event "Euro Online U2300 Day 2"]
[Site "chess.com INT"]
[Date "2020.05.26"]
[Round "6"]
[White "Papakonstantinou, Dimitrios1"]
[Black "Schekachikhin, Maksim"]
[Result "1-0"]
[BlackTitle "IM"]
[WhiteElo "2250"]
[BlackElo "2406"]
[WhiteFideId "4218655"]
[BlackFideId "24177830"]
[EventDate "2020.05.26"]

1. e4 d5 2. exd5 Qxd5 3. Nc3 Qd6 4. d4 c6 5. g3 Nf6 6. Bg2 Bg4 7. Nge2 e6 8. h3
Bxe2 9. Nxe2 Nbd7 10. O-O Qc7 11. c4 Bd6 12. c5 Be7 13. Bf4 Qc8 14. Nc3 O-O 15.
Re1 Rd8 16. Qc2 Bf8 17. b4 a6 18. a4 Nd5 19. Bg5 Re8 20. Qb3 h6 21. Bd2 Be7 22.
b5 axb5 23. axb5 Bf6 24. Qc4 Nxc3 25. Bxc3 Rxa1 26. Bxa1 Rd8 27. Qa4 Nb8 28. Rb1
Qd7 29. Qa7 Bxd4 30. Bxd4 Qxd4 31. Qxb7 cxb5 32. c6 Nxc6 33. Bxc6 h5 34. h4 g6
35. Qxb5 Qf6 36. Bg2 Rd2 37. Qc5 Kg7 38. Rb8 Rd1+ 39. Kh2 Rd8 40. Rb4 Rd7 41.
Rf4 Qb2 42. Re4 Rd5 43. Qe3 Rf5 44. Rf4 Rxf4 45. Qxf4 Qc3 46. Qe3 Qb2 47. Be4
Qf6 48. Kg2 Qb2 49. Qf3 Qd4 50. Bc6 f5 51. Qf4 Qc3 52. Qc7+ Kh6 53. Qd6 Qc4 54.
Bd7 Qe4+ 55. Kh2 Qe2 56. Qf4+ Kg7 57. Kg2 e5 58. Qf3 Qd2 59. Qc6 f4 60. Be8 Qd3
61. Qd7+ Qxd7 62. Bxd7 Kf6 63. Be8 Kf5 64. Bd7+ Kf6 65. Kf3 fxg3 66. Kxg3 g5 67.
Be8 gxh4+ 68. Kxh4 Kf5 69. Bxh5 Kf4 70. Kh3 e4 71. Kg2 Kg5 72. Bd1 Kf4 73. Kf1
Ke5 74. Ke2 Kf4 75. Bb3 1-0

[Event "Euro Online U2300 Day 2"]
[Site "chess.com INT"]
[Date "2020.05.26"]
[Round "6"]
[White "Willow, Jonah B"]
[Black "Alexakis, Dimitris"]
[Result "1/2-1/2"]
[WhiteTitle "FM"]
[BlackTitle "FM"]
[WhiteElo "2386"]
[BlackElo "2450"]
[WhiteFideId "438804"]
[BlackFideId "4277023"]
[EventDate "2020.05.26"]

1. e4 c5 2. Nf3 e6 3. d4 cxd4 4. Nxd4 Nc6 5. Nc3 Qc7 6. g3 Nf6 7. Bf4 e5 8. Ndb5
Qb8 9. Bg5 a6 10. Na3 Bb4 11. Bxf6 gxf6 12. Bg2 b5 13. O-O Bxc3 14. bxc3 Ke7 15.
Nb1 h5 16. h4 Qd6 17. Qf3 Qc5 18. Nd2 d6 19. Nb3 Qb6 20. Kh2 Bg4 21. Qd3 Rac8
22. f4 b4 23. c4 Nd4 24. Rfe1 Be6 25. Nd2 Qc5 26. Bf1 f5 27. Nb3 Nxb3 28. axb3
Qf2+ 29. Bg2 fxe4 30. Qxe4 Rhg8 31. Qf3 Qxc2 32. fxe5 dxe5 33. Rxe5 Qc3 34.
Rxe6+ fxe6 35. Qb7+ Kf6 36. Rf1+ Ke5 37. Qe4+ Kd6 38. Rd1+ Kc5 39. Qf4 Rgd8 40.
Qg5+ e5 41. Rxd8 Rxd8 42. Qxd8 Qxb3 43. Qd5+ Kb6 44. Qc6+ Ka5 45. Qc5+ Ka4 46.
Bc6+ Ka3 47. Qa5+ Kb2 48. Qxe5+ Qc3 49. Qe2+ Ka3 50. Be4 b3 51. c5 Qxc5 52.
Qxa6+ Kb2 53. Qe2+ Ka3 54. Bb1 Qc1 55. Qd3 Kb2 56. g4 Qxb1 57. Qxb1+ Kxb1 58.
gxh5 Ka2 59. h6 b2 60. h7 b1=Q 61. h8=Q Qc2+ 62. Kh3 Qd3+ 63. Kg4 Qe4+ 64. Kg5
Qd5+ 65. Kg6 Qe4+ 66. Kf7 Qd5+ 67. Ke7 Qb7+ 68. Kd6 Qb6+ 69. Kd5 Qb5+ 70. Ke4
Qc6+ 71. Kf5 Qf3+ 72. Kg6 Qg4+ 73. Kf7 Qd7+ 74. Kg6 Qg4+ 75. Kf7 Qd7+ 76. Kf8
Qd8+ 77. Kg7 Qd4+ 78. Kg8 Qd8+ 1/2-1/2